Sociology for Pharmacists (Record no. 11451)

MARC details
000 -LEADER
fixed length control field 00391nam a22001697a 4500
003 - CONTROL NUMBER IDENTIFIER
control field OSt
008 - FIXED-LENGTH DATA ELEMENTS--GENERAL INFORMATION
fixed length control field 220716b ||||| |||| 00| 0 eng d
020 ## - INTERNATIONAL STANDARD BOOK NUMBER
International Standard Book Number 9780367200848
082 ## - DEWEY DECIMAL CLASSIFICATION NUMBER
Classification number 301 TAS
100 ## - MAIN ENTRY--PERSONAL NAME
Personal name Taylor, Kevin
245 ## - TITLE STATEMENT
Title Sociology for Pharmacists
250 ## - EDITION STATEMENT
Edition statement 2nd
260 ## - PUBLICATION, DISTRIBUTION, ETC. (IMPRINT)
Place of publication, distribution, etc New Delhi
Name of publisher, distributor, etc CRC Press
Date of publication, distribution, etc 2018
300 ## - PHYSICAL DESCRIPTION
Extent 190
650 ## - SUBJECT ADDED ENTRY--TOPICAL TERM
Topical term or geographic name as entry element Pharmacy Practice
942 ## - ADDED ENTRY ELEMENTS (KOHA)
Source of classification or shelving scheme Dewey Decimal Classification
Koha item type Text Books
Holdings
Withdrawn status Lost status Source of classification or shelving scheme Damaged status Not for loan Collection code Home library Current library Date acquired Source of acquisition Currency Cost, normal purchase price Bill Number Total Checkouts Full call number Acc. no. / Barcode Date last seen Actual Cost, discounted price Bill Date Koha item type
    Dewey Decimal Classification     B.Pharma PIET C-LIBRARY PIET C-LIBRARY 16/07/2022 B.S.P Books Pvt.Ltd Indian Rup 395.00 45532   301 TAS BP1841 16/07/2022 276.50 02/07/2022 Reference Books
    Dewey Decimal Classification     B.Pharma PIET C-LIBRARY PIET C-LIBRARY 16/07/2022 B.S.P Books Pvt.Ltd Indian Rup 395.00 45532   301 TAS BP1842 16/07/2022 276.50 02/07/2022 Text Books
    Dewey Decimal Classification     B.Pharma PIET C-LIBRARY PIET C-LIBRARY 16/07/2022 B.S.P Books Pvt.Ltd Indian Rup 395.00 45532   301 TAS BP1843 16/07/2022 276.50 02/07/2022 Text Books
    Dewey Decimal Classification     B.Pharma PIET C-LIBRARY PIET C-LIBRARY 16/07/2022 B.S.P Books Pvt.Ltd Indian Rup 395.00 45532   301 TAS BP1844 16/07/2022 276.50 02/07/2022 Text Books
    Dewey Decimal Classification     B.Pharma PIET C-LIBRARY PIET C-LIBRARY 16/07/2022 B.S.P Books Pvt.Ltd Indian Rup 395.00 45532   301 TAS BP1845 16/07/2022 276.50 02/07/2022 Text Books
    Dewey Decimal Classification     B.Pharma PIET C-LIBRARY PIET C-LIBRARY 16/07/2022 B.S.P Books Pvt.Ltd Indian Rup 395.00 45532   301 TAS BP1846 16/07/2022 276.50 02/07/2022 Text Books
    Dewey Decimal Classification     B.Pharma PIET C-LIBRARY PIET C-LIBRARY 16/07/2022 B.S.P Books Pvt.Ltd Indian Rup 395.00 45532   301 TAS BP1847 16/07/2022 276.50 02/07/2022 Text Books
    Dewey Decimal Classification     B.Pharma PIET C-LIBRARY PIET C-LIBRARY 16/07/2022 B.S.P Books Pvt.Ltd Indian Rup 395.00 45532   301 TAS BP1848 16/07/2022 276.50 02/07/2022 Text Books
    Dewey Decimal Classification     B.Pharma PIET C-LIBRARY PIET C-LIBRARY 16/07/2022 B.S.P Books Pvt.Ltd Indian Rup 395.00 45532   301 TAS BP1849 16/07/2022 276.50 02/07/2022 Text Books
    Dewey Decimal Classification     B.Pharma PIET C-LIBRARY PIET C-LIBRARY 16/07/2022 B.S.P Books Pvt.Ltd Indian Rup 395.00 45532   301 TAS BP1850 16/07/2022 276.50 02/07/2022 Text Books

Design & Developed by: PIET Central Library
R70 Miles Stone Pattikalyana Samalkha Panipat 132102
mail ID :- [email protected], Phone No:- 0180-2569700 Ex.216